00671 2200241 4500001002100000005001700021008004100038020001800079035002400097040001200121090002100133100001700154245007200171250001000243260003400253300002500287500002700312650003300339700001500372850001200387990001500399990001500414YOGYA-0209000003718020090227025224.0 ind  a979-3723-02-5 0010-020900000037180 aYOPDYOG a614.09598bEko O aEKO PRASETYO aOrang miskin di larang sakitcEko Prasetyo ; penyunting, R. Hidayat aCet.2 aYogyakartabResist Bookc2005 a146 hlmbilusc21 cm aBibliografi : hlm. 143 aKesehatan rakyat - Indonesia aHidayat, R aYOPDYOG a05B0010951 a05B0010952